LEADER 00862nam0-22002651i-450- 001 990002768430403321 035 $a000276843 035 $aFED01000276843 035 $a(Aleph)000276843FED01 035 $a000276843 100 $a20000920d1982----km-y0itay50------ba 101 0 $aENG 200 1 $aAspetti funzionali e di mercato degli strumenti di ricapitalizzazione delle banche.$fdi Francesco Cesarini 210 $aMilano$cAss. per lo Sv. degli St. di B anca e Borsa$d1982 215 $a39 p.$dcm 21 225 1 $aQuaderno ; 42$v 700 1$aCesarini,$bFrancesco$0102134 801 0$aIT$bUNINA$gRICA$2UNIMARC 901 $aBK 912 $a990002768430403321 952 $a9-728/42-TB$b4803/42$fECA 959 $aECA 996 $aAspetti funzionali e di mercato degli strumenti di ricapitalizzazione delle banche$9423791 997 $aUNINA DB $aING01 LEADER 01924nam 2200553 450 001 9910809806303321 005 20200520144314.0 010 $a1-118-88039-0 010 $a1-5231-1464-9 010 $a1-118-88032-3 010 $a1-118-88031-5 035 $a(CKB)4330000000007368 035 $a(MiAaPQ)EBC4822524 035 $a(DLC) 2016053443 035 $a(Au-PeEL)EBL4822524 035 $a(CaPaEBR)ebr11361068 035 $a(CaONFJC)MIL1002080 035 $a(OCoLC)979153955 035 $a(PPN)203840763 035 $a(EXLCZ)994330000000007368 100 $a20170327h20172017 uy 0 101 0 $aeng 135 $aurcnu|||||||| 181 $2rdacontent 182 $2rdamedia 183 $2rdacarrier 200 10$aUnderstanding membrane distillation and osmotic distillation /$fRobert A. Johnson, Minh H. Nguyen 210 1$aHoboken, New Jersey :$cWiley,$d2017. 210 4$dİ2017 215 $a1 online resource (288 pages) 311 $a0-470-12216-1 320 $aIncludes bibliographical references and index. 327 $aGeneral introduction -- Theoretical aspects of membrane distillation -- Theoretical aspects of osmotic distillation -- Properties of macroporous hydrophobic membranes -- Membrane distillation applications -- Osmotic distillation applications -- Future prospects for membrane distillation and osmotic distillation. 606 $aMembrane distillation 606 $aMembranes (Technology) 606 $aOsmosis 615 0$aMembrane distillation. 615 0$aMembranes (Technology) 615 0$aOsmosis. 676 $a660/.28424 700 $aJohnson$b Robert A$g(Robert Arthur),$01365195 702 $aNguyen$b Minh H. 801 0$bMiAaPQ 801 1$bMiAaPQ 801 2$bMiAaPQ 906 $aBOOK 912 $a9910809806303321 996 $aUnderstanding membrane distillation and osmotic distillation$94029226 997 $aUNINA